000 00798nam a22001697a 4500
999 _c63223
_d63223
003 Ge_BSU
005 20250701151840.0
008 250701s1975 ge ||||| |||| 00| 0 geo d
041 _ageo
080 _a331.101.386.1(479.22)(09) ს-82
245 _aსტახანოვური მოძრაობის პიონერები საქართველოში :
_b [ნარკვევების კრებული]
264 _aთბილისი :
_bსაბჭ. საქართველო,
_c1975.
300 _a190 გვ. :
_b6 ფ. ილ. ;
_c19 სმ.
653 _aსტახანოვური მოძრაობა საქართველოში.
653 _aშრომა. დასაქმება
942 _2udc
_cᲬᲘᲒᲜᲘ